| 000 | 00492nam a2200205Ia 4500 | ||
|---|---|---|---|
| 003 | OSt | ||
| 005 | 20260122111509.0 | ||
| 020 | _a0-8016-6372-5 | ||
| 040 | _cLC | ||
| 050 |
_aQH 308 .R38 1992 _b1 |
||
| 100 | _a RAVEN, PETER H | ||
| 245 | 0 | _aBIOLOGY | |
| 250 | _a3 | ||
| 260 |
_a St. Louis, _b Mosby Year Book, _c1992, |
||
| 300 | _aXXX, 1217 P, ILL | ||
| 500 | _aINCLUDES BIBLIOGRAPHICAL REFERENCES AND INDEX | ||
| 650 | _aBiology | ||
| 700 | _aJOHNSON GEORGE B | ||
| 942 |
_cBK _2lcc |
||
| 999 |
_c191600 _d191600 |
||